Loading...
Geography | 0 | 3 | 0 | 0 | 30 | 81 | 90.67 | 0 | 2 |
History - World History | 0 | 3 | 0 | 2 | 30 | 117 | 122.33 | 0 | 0 |
Fine Arts - Other Arts | 0 | 3 | 0 | 3 | 30 | 126 | 130.33 | 0 | 1 |
History - Other History | 0 | 2 | 0 | 0 | 20 | 78 | 107.50 | 0 | 1 |
History - American History | 0 | 2 | 0 | 1 | 20 | 74 | 93.50 | 1 | 2 |
History - Ancient History | 0 | 2 | 0 | 2 | 20 | 127 | 132.50 | 0 | 1 |
History - European History | 0 | 2 | 0 | 1 | 20 | 118 | 128.50 | 0 | 1 |
Visual Arts | 0 | 1 | 0 | 1 | 10 | 130 | 130.00 | 0 | 0 |
Auditory Arts | 0 | 1 | 0 | 1 | 10 | 131 | 131.00 | 0 | 1 |
Literature - World Literature | 0 | 1 | 0 | 1 | 10 | 154 | 154.00 | 0 | 0 |
Other Academic | 0 | 1 | 0 | 0 | 10 | 104 | 104.00 | 0 | 0 |
Science - Chemistry | 0 | 1 | 0 | 0 | 10 | 121 | 121.00 | 0 | 0 |
Science - Other Science | 0 | 1 | 0 | 0 | 10 | 116 | 116.00 | 0 | 1 |
Science - Physics | 0 | 1 | 0 | 0 | 10 | 120 | 120.00 | 0 | 1 |
Beliefs | 0 | 1 | 1 | 1 | 5 | 129 | 129.00 | 0 | 1 |